00868nam a2200217 a 450000100100000000500170001000800410002702000150006804000250008308200190010810000440012724501920017126000400036330000290040350000660043265000240049865000240052265000270054670000380057370000390061100000915720241130074012.0090928s2001 dr a 000 p spa d a9993482722 aDO-SdBNPbspacBNPHU aRD861.4bB253s1 aBarinas Coiscou, Sócrates,d1916-202114aLos sonetos de la teosofía, medallones místicos y fragmentos de los arqueros de la esperanza /cSocrates Barinas Coiscou; edición Domingo Peña Nina; prólogo Odalís G. Pérez. aSanto Domingo :bA. Muñoz,c2001. a91 p. ; :bil. ;c21 cm. aIncluye datos biográficos del autor en las páginas 85-87. 0aPoesía dominicana 4aSonetos dominicanos 0aLiteratura dominicana.12aPeña Nina, Domingo,d1970-eed.12aPérez, Odalís d1952-epról.